000 002470000a22000970004500
100 1 _aEscandón, Rafael
245 1 0 _a¿Cuál es tu nombre?
300 _aVol. 57, Núm 257 (2002), Páginas 13-15
773 0 _tLa Biblia de las Américas
942 _cANA
999 _c51692
_d51692